Pöstyén-fürdö Király sor.

Zobrazenie: Pohľad na ulicu v kúpeľoch. Po ľavej strane rodinné domy. Vpravo trávnatá plocha s vysokými listnatými stromami. Vľavo v popredí pózuje dievča s rukou vbok. Vľavo za ňou sú ďašie dievčatá na chodníku aj na ceste. V pozadí na ceste je konský povoz. Vľavo za oplotením rastie vysoký listnat...

Full description

Bibliographic Details
Format: Postcard
Language:Hungarian
German
PhysicalDescription:1 pohľadnica kolorovaná 9 x 14 cm
Published: Pöstyén Herzog Hilda Papirkeresedése 1919
Subjects:

MARC

LEADER 00000ckm a2200000 a 4500
001 vtls001389952
003 SK-MaSNL
005 20260512125002.0
007 kp ho
008 230706s1919 xo g 0k|hun
015 |a SNBG1919 
035 |a SNK000344217 
035 |a urn:nbn:sk:snk-km3lwt3 
035 |a 2D6E3CF0-502D-4746-896E-3C87DB9649B5 
035 |a urn:nbn:sk:snk-km00dql9 
040 |a SNK  |b slo  |c SNK  |e AACR2 
041 0 |a hun  |a ger 
043 |a e-xo--- 
044 |a xo  |c SK 
072 7 |a 913  |x Regionálna geografia  |2 konspekt 
080 |a 913(437.6)  |2 2011 
080 |a (084.121)  |2 2011 
080 |a 711.455:615.838  |2 2011 
080 |a 711.73  |2 2011 
080 |a 712.253  |2 2011 
245 0 0 |a Pöstyén-fürdö  |h grafika  |b Király sor. 
246 3 1 |a Bad Pöstyén  |b Königs-Reihe 
246 3 3 |a Bad Pöstyén-fürdö 
260 |a Pöstyén  |b Herzog Hilda Papirkeresedése  |c 1919  |e [Budapest?]  |f K. J. Bp. 
300 |a 1 pohľadnica  |b kolorovaná  |c 9 x 14 cm 
500 |a Súbežný podnázov a podnázov v nem. 
520 8 |a Zobrazenie: Pohľad na ulicu v kúpeľoch. Po ľavej strane rodinné domy. Vpravo trávnatá plocha s vysokými listnatými stromami. Vľavo v popredí pózuje dievča s rukou vbok. Vľavo za ňou sú ďašie dievčatá na chodníku aj na ceste. V pozadí na ceste je konský povoz. Vľavo za oplotením rastie vysoký listnatý strom. Za ním sa týči veža na streche rodinného domu 
546 |a Súbežný názov a podnázov v nem. 
650 0 7 |a kúpele  |2 SNKPH  |9 1139 
650 0 7 |a ulice  |2 SNKPH  |9 2938 
650 0 7 |a parky  |2 SNKPH  |9 2942 
651 7 |a Piešťany (Slovensko)  |2 SNKPHgeo  |9 23981 
655 7 |a miestne pohľadnice  |2 SNKPH  |9 70510 
752 |a Slovensko  |d Piešťany 
852 |a Slovenská národná knižnica 
958 |a GBN 
958 |a GC 
958 |a ONDV 
999 |c 981659  |d 983589 
952 |t P60, <03>, [BOOK], {603}  |a SNK  |b SNK  |y PREZ  |7 0  |p 17A1298029  |o snkSP 148880  |i snkPV 113/2000  |0 0  |1 0  |4 0  |d 2000-06-02  |f 1  |l 0  |r 2005-01-02 00:00:00  |w 2026-02-24